Nudge improving decisions about health, wealth and happiness

Guardado en:
Detalles Bibliográficos
Autor principal: Thaler, Richard H.
Otros Autores: Sunstein, Cass R.
Formato: Libro
Lenguaje:inglés
Publicado: London Penguin Books 2009
Edición:revised ed.
Materias:
Etiquetas: Agregar Etiqueta
Sin Etiquetas, Sea el primero en etiquetar este registro!

MARC

LEADER 00000nam a2200000 4500
001 0229857
005 20240312115910.5
020 |a 978-0-141-04001-1 
041 0 |a eng 
044 |a GB 
245 1 0 |a Nudge  |b improving decisions about health, wealth and happiness  |c Richard H. Thaler and Cass R. Sunstein 
250 |a revised ed. 
264 1 |a London  |b Penguin Books  |c 2009 
300 |a 305 s. 
610 2 0 |a spoločnosť 
610 2 0 |a rozhodovanie 
610 2 0 |a psychológia 
610 2 0 |a kvalita života 
610 2 0 |a úroveň životná 
610 2 0 |a štýl životný 
610 2 0 |a ochrana zdravia 
610 2 0 |a myslenie ekonomické 
610 2 0 |a vzdelávanie 
610 2 0 |a peniaze 
610 2 0 |a kríza finančná 
610 2 0 |a poradenstvo 
100 1 |a Thaler, Richard H. 
700 1 |a Sunstein, Cass R.